| 000 | 01194nam a22002537a 4500 | ||
|---|---|---|---|
| 005 | 20170124102935.0 | ||
| 010 | _aB-136131 | ||
| 020 |
_c125.00 _a8190207539 |
||
| 035 | _aB-136131 | ||
| 037 | _bCen Lib/Ret | ||
| 040 |
_aDPL _bHN |
||
| 082 |
_a827 _bकालभो |
||
| 100 |
_aकालभोर, गोपीनाथ _946214 |
||
| 245 |
_aआइये गणमान्य, बजाइए गणतन्त्र : _cगोपीनाथ कालभोर _bव्यंग्य-निबंध / |
||
| 246 |
_aAaiye ganmanya, bajaiye gantantra : vyangya-nibandh / _bby Gopinath Kalbhor |
||
| 260 |
_aजयपुर _bकल्पना पब्लिकेशन _c2004 |
||
| 270 |
_bजयपुर _aविधाघर का रास्ता, त्रिपोलिया बाज़ार |
||
| 300 |
_a88पृ. _c20सेमी(सजिल्द) |
||
| 650 |
_aहिन्दी साहित्य _946215 |
||
| 650 |
_aहिन्दी साहित्य -- कहानियाँ _946216 |
||
| 650 |
_aHindi literature _946217 |
||
| 650 |
_aHindi literature -- stories _946218 |
||
| 942 |
_2ddc _cHN _h827 _mकालभो |
||
| 999 |
_c112179 _d112179 |
||